The Razor's Edge/ (Record no. 216403)

MARC details
000 -LEADER
fixed length control field 00531nam a22001937a 4500
005 - DATE AND TIME OF LATEST TRANSACTION
control field 20260529144554.0
010 ## - LCCN (DPL NO)
LC control number ENG-148685
020 ## - INTERNATIONAL STANDARD BOOK NUMBER
International Standard Book Number 9789349042681
Terms of availability 399.00
035 ## - SYSTEM CONTROL NUMBER
System control number EN-132217
037 ## - SOURCE OF ACQUISITION
Source of stock number/acquisition DBAD
082 ## - DEWEY DECIMAL CLASSIFICATION NUMBER
Classification number N
Edition number 1
100 ## - MAIN ENTRY--PERSONAL NAME
Personal name Maugham, W Somerset
245 ## - TITLE STATEMENT
Title The Razor's Edge/
Statement of responsibility, etc W Somerset Maugham
250 ## - EDITION STATEMENT
Edition statement 1
260 ## - PUBLICATION, DISTRIBUTION, ETC. (IMPRINT)
Place of publication, distribution, etc Chandigarh
Name of publisher, distributor, etc The Browser
Date of publication, distribution, etc 2026
270 ## - ADDRESS
City Chandigarh
Address SCO 14-15, Sector 8-C
Postal code 160009
Electronic mail address service@thebrowser.org
300 ## - PHYSICAL DESCRIPTION
Extent 287p.
Dimensions 20cm(pb)
942 ## - ADDED ENTRY ELEMENTS (KOHA)
Source of classification or shelving scheme Dewey Decimal Classification
Item type English Books
Classification part N
Call number suffix MAU
Holdings
Withdrawn status Lost status Not for loan Collection code Home library Current library Date acquired Source of acquisition Cost, normal purchase price Full call number Barcode Copy number Cost, replacement price Koha item type
      Fiction Tri Nagar Tri Nagar 29/05/2026 Delivery of Books Act Division 399.00 N MAU EN-132217 1 399.00 English Books

© Delhi Public Library
Hit Counter
free hit counter